Do popredia vstúpila racionálnosť
Európski spotrebitelia vysielajú jasné a zhodné signály v tom, že ich pohľad na situáciu je optimistickejší. Sú presvedčení o tom, že v roku 2010 sa začne ekonomika zotavovať. V roku 2009 sa Európania sústredili na užitočné darčeky, zvíťazili knihy.
Salvato in:
| Autore principale: | |
|---|---|
| Natura: | Capitolo di libro |
| Lingua: | slovacco |
| Soggetti: | |
| Tags: |
Nessun Tag, puoi essere il primo ad aggiungerne!!
|
MARC
| LEADER | 00000naa$a2200000$$$4500 | ||
|---|---|---|---|
| 001 | 0108728 | ||
| 005 | 20231128094122.3 | ||
| 041 | 0 | |a slo | |
| 044 | |a SK | ||
| 245 | 1 | 0 | |a Do popredia vstúpila racionálnosť |c Andrea Hinková-Dibarborová |
| 520 | |a Európski spotrebitelia vysielajú jasné a zhodné signály v tom, že ich pohľad na situáciu je optimistickejší. Sú presvedčení o tom, že v roku 2010 sa začne ekonomika zotavovať. V roku 2009 sa Európania sústredili na užitočné darčeky, zvíťazili knihy. | ||
| 610 | 2 | 0 | |a kríza hospodárska |
| 610 | 2 | 0 | |a obchod |
| 610 | 2 | 0 | |a nákup |
| 610 | 2 | 0 | |a správanie spotrebiteľa |
| 100 | 1 | |a Hinková-Dibarborová, Andrea | |